| 000 | 00444cam a2200181ua 4500 | ||
|---|---|---|---|
| 020 | _c5.20 | ||
| 041 |
_aeng _h |
||
| 082 |
_a823.308 _bRUS/NE |
||
| 100 | _aRussell, Eric Frank . | ||
| 245 |
_aNext of kin / _cEric Frank Russell. _hTextual Documents |
||
| 250 |
_a1 / _b. |
||
| 260 |
_aLondon : _bUniversity of London Press Ltd , _c1964. |
||
| 300 | _a140 ; . | ||
| 365 | _a5.20 | ||
| 504 | _a | ||
| 942 | _cBK | ||
| 999 |
_c7630 _d7630 |
||